Bad Bunny - DeBÍ TiRAR MáS FOToS Tracklist - Statistics

General Stats
  • This quiz has been taken 210 times
  • The average score is 11 of 17
Answer Stats
# Song % Correct
16 DtMF
96%
1 NUEVAYoL
91%
3 BAILE INoLVIDABLE
83%
15 EoO
76%
17 LA MuDANZA
72%
6 VeLDÁ
69%
5 WELTiTA
66%
4 PERFuMITO NUEVO
64%
12 CAFé CON RON
62%
10 KLOuFRENS
62%
11 TURiSTA
60%
2 VOY A LLeVARTE PA PR
59%
7 EL CLúB
57%
9 BOKeTE
55%
13 PIToRRO DE COCO
53%
14 LO QUE LE PASÓ A HAWAii
52%
8 KETU TeCRÉ
50%
No matching quizzes found
Score Distribution
Percent of People with Each Score
Percentile by Number Answered
Your Score History
You have not taken this quiz